00721nam a2200205 i 4500001000300000245013000003260005600133300003600189504001200225650001500237650003000252700002300282700003700305040000800342041000700350080000700357080001200364008004100376856009800417bg00aMatematyka dla wydziałów budowlanych i mechanicznych.nT. 1 /coprac. zespół A. Hać [et al.] ; pod red. Edwarda Otto. aWarszawa :bPaństwowe Wydawnictwo Naukowe,c1978. a354 s. :brys., wykr. ;c24 cm. aIndeks. 4aMatematyka 4aPodręczniki akademickie1 aHać, Aleksander.1 aOtto, Edwardd(1908-1986).eRed. cBPK0 apl a51 a(075.8) s pl f |000 0 pol  uhttp://koha.tu.koszalin.pl/cgi-bin/koha/opac-detail.pl?biblionumber=25243yKatalog online BPK